faux amis vocabulaire anglais - Statistiques

Statistiques générales
  • Ce quiz a été pris 98 fois
    97 depuis la dernière actualisation
  • Le résultat moyen est 7 sur 20
Statistiques - réponses
hint answer % Correct
Library bibliothèque
84%
Actually en fait
63%
To rest se reposer
61%
College université
61%
Grave tombe
55%
Cave grotte
46%
Camera appareil photo
44%
Chef cuisinier
39%
Location lieu
38%
Hazard danger
25%
Fabric tissu / étoffe
25%
Coin pièce de monnaie
24%
Actual réel
24%
To demand exiger / réclamer
18%
To attend assister à
15%
Lecture cours magistral / conférence
14%
To deceive tromper / duper
11%
Agenda ordre du jour
6%
Comprehensive complet
5%
Sensible raisonnable / judicieux
5%
Aucun quiz correspondant
Distribution des résultats
% des personnes avec chaque résultat
Percentile par nombre de réponses
Votre historique - résultats
Vous n’avez pas pris ce quiz depuis la dernière actualisation